Harry Potter - T - Statistiques

Statistiques générales
  • Ce quiz a été pris 106 fois
  • Le résultat moyen est 5 sur 10
Statistiques - réponses
Description Réponse % Correct
Véritable nom de Voldemort Tom Jedusor
98%
Créature relaché dans Poudlard par Quirrell le soir d'halloween Troll
89%
Crapaud de Neville Trevor
83%
Chien à trois têtes protégeant "la trappe" Touffu
82%
Acteur de Drago Malefoy Tom felton
73%
Père de Nymphadora Tonks Ted Tonks
63%
Dessert préféré de Harry Tarte à la mélasse
18%
Mangemort et employé du ministère Travers
14%
Acteur de Peter petigrow Timothy spall
13%
Il double Dobby en anglais Toby Jones
9%
Aucun quiz correspondant
Distribution des résultats
% des personnes avec chaque résultat
Percentile par nombre de réponses
Votre historique - résultats
Vous n’avez pas pris ce quiz